000 01025nam a2200229Ii 4500
003 JO-AjNU
008 230605s9999||||xx |||||||||||||| ||und||
017 _a5059/9/2019
020 _a978-9957-23-502-4
040 _aJO-AjNU
_bara
_erda
_cJO-AjNU
041 _aara
050 1 4 _aDS79.76.2020
100 3 _aمركز الامة للدراسات والتطوير,
_eauthor
_964102
245 0 0 _aواقع العراق ما بعد الاحتلال: بحوث ودراسات الندوة العلمية السنوية الثانية لمركز الامة للدراسات والتطوير 17-18 /2010/2م
250 _aط1
264 3 1 _aبغداد: مؤسسة البصائر للدراسات والنشر، 2020
300 _a240ص
336 _atext
_btxt
_2rdacontent
337 _aunmediated
_bn
_2rdamedia
338 _avolume
_bnc
_2rdacarrier
650 4 _aالحكومة-الفساد السياسي-الاحوال الاقتصادية-الادارة العامة-الاحتلال الامريكي-العراق
_964103
999 _aA29112
_c32680
_d32680